00399nam a2200133 a 450000500170000000800410001702000180005805000270007610000200010324500810012326000390020430000100024365000120025320140412111236.0010327s19uu xx 00 eng d a0-590-35600-3 aTR(GS 372.4bW158 1990 aWalling, Elaine aRead and think D :bthe goose that laid the golden egg /cby Elaine Walling. aNew York :bScholastic Inc,c1990. a32 p. aReading